Neregulovať alebo regulovať ceny?

Otázka regulácie cien podľa zákona č.18/1996 Z.z. o cenách. Odôvodnenie vzniku zákona o cenách. Základné príčiny cenového rastu od r.1989 až do r.1996. Odôvodnenie zvyšovania cien. Voľná hospodárska súťaž - ochrana spotrebiteľa pred nežiaducim zvyšovaním cien. Úloha štátu ako funkčného orgánu kontro...

Descripción completa

Guardado en:
Detalles Bibliográficos
Autor principal: Dančo, J.
Formato: Capítulo de libro
Lenguaje:eslovaco
Materias:
Etiquetas: Agregar Etiqueta
Sin Etiquetas, Sea el primero en etiquetar este registro!

MARC

LEADER 00000naa a2200000 4500
001 r020455
005 20251104124039.5
041 0 |a slo 
044 |a SK 
245 1 0 |a Neregulovať alebo regulovať ceny?  |c J. Dančo 
520 |a Otázka regulácie cien podľa zákona č.18/1996 Z.z. o cenách. Odôvodnenie vzniku zákona o cenách. Základné príčiny cenového rastu od r.1989 až do r.1996. Odôvodnenie zvyšovania cien. Voľná hospodárska súťaž - ochrana spotrebiteľa pred nežiaducim zvyšovaním cien. Úloha štátu ako funkčného orgánu kontroly trhovej sily. 
610 2 0 |a ceny 
610 2 0 |a regulácia cenová 
610 2 0 |a zákony 
610 2 0 |a Slovensko 
610 2 0 |a 1996 
610 2 0 |a súťaž hospodárska 
610 2 0 |a ochrana spotrebiteľa 
610 2 0 |a zvyšovanie cien 
100 1 |a Dančo, J.